000 00455nam a22001697a 4500
003 NUST - PNEC
005 20170116180913.0
008 150903b xxu||||| |||| 00| 0 eng d
020 _a-
040 _cLIBRARY
082 _a621.3132 SHO
100 _97169
_aShotton, A. C.
245 _aWorked examples in electrotechnology : with graded exercises
_cA. C. Shotton
260 _cc.1957
650 _97176
_aElectrical engineering
_xEE
942 _2ddc
_cBK
999 _c65327
_d65327